| 000 | 00653nam a2200193 u 4500 | ||
|---|---|---|---|
| 001 | 000528781 | ||
| 003 | AM-YeHGA | ||
| 005 | 20250617135232.0 | ||
| 008 | 070328s1976 ||| r 000 0 rus d | ||
| 040 | _aAM-YeHGA | ||
| 041 | 1 |
_arus _hper |
|
| 100 | 1 | _aСаэди, Голамхосейн | |
| 245 | 1 | 0 |
_aСтрах : _bПеревод с персидского / _cГ. Саэди. |
| 260 |
_aМосква : _bПрогресс, _c1976. |
||
| 300 |
_a206 стр. : _bилл. ; _c17 см. |
||
| 440 | 0 | _aСовременная зарубежная повесть | |
| 650 | 1 | 4 |
_aПерсидская литература _xПовесть |
| 090 | _c197612 | ||
| 999 |
_c196133 _d196133 |
||